Liedtext - Amnesie - Alligatoah - Statistiken

Allgemein
  • Dieses Quiz wurde 64 mal gespielt
  • Das Durchschnittsergebnis liegt bei 350 aus 434
Antwortstatistiken
Antwort % Korrekt
Amnesie!
98%
Du
98%
du
98%
und
98%
Und
98%
wenn
98%
wie
98%
der
96%
hab
96%
hast
96%
ich
96%
Ich
96%
morgen
96%
wieder
96%
dem
93%
ein'
93%
ein
93%
habe
93%
'ne
93%
auf
91%
dann
91%
deine
91%
Mit
91%
mit
91%
war
91%
wo
91%
zu
91%
doch
89%
Doch
89%
mal
89%
nach
89%
schlafe
89%
aber
87%
an
87%
An
87%
Couch
87%
das
87%
Das
87%
deiner
87%
Diamanten
87%
dich
87%
die
87%
eine
87%
heut
87%
heute
87%
Nacht
87%
als
84%
deinen
84%
erlaubt
84%
Glanz
84%
glaub,
84%
kleinen
84%
kriegst
84%
Schwester
84%
wohl
84%
besser
82%
bin
82%
Es
82%
es
82%
mir
82%
netter
82%
Rosen
82%
Rosen...
82%
Frau
80%
für
80%
hätte
80%
vertauscht
80%
Eimer
78%
einen
78%
erliegst,
78%
gegessen
78%
gern
78%
Guten
78%
ist
78%
Keine
78%
mein
78%
muss
78%
'ner
78%
Schäferhund
78%
so,
78%
Strauß
78%
Tag,
78%
Toilettenfrau
78%
verdaut
78%
dass
76%
gefickt,
76%
HIV
76%
in
76%
mich
76%
nicht
76%
Schatz,
73%
Spaß,
73%
Jet
71%
jetzt
71%
Jetzt
71%
Kreditkarte
71%
Nazis
71%
Pavian
71%
sieh
71%
auch
69%
Denn
69%
musst
69%
müsst
69%
Schwanz
69%
steckt
69%
Tonne
69%
Angst
67%
deinem
67%
Hallo
67%
weißt
67%
gefragt,
64%
geh'
64%
kann
64%
kleines
64%
Manchmal
64%
rutsch
64%
angefangen,
62%
Augen,
62%
Ausrutscher
62%
du's,
62%
Haus
62%
down!
60%
Geiseln
60%
Geschenk
60%
nur
60%
schlachten
60%
wissen,
60%
Bitch
58%
Dir
58%
einfach
58%
einkaufen
58%
Gattin
58%
großen
58%
lassen
58%
leid,
58%
Missgeschick
58%
sicher
58%
Tut
58%
Frauenproblem
56%
Geständnis
56%
mache
56%
Macht
56%
Bevor
53%
gekränkten
53%
ins
53%
Juwelen
53%
Juwelen,
53%
meinem
53%
niemals
53%
saß
53%
Trostpreis
53%
Also
51%
Händen
51%
Kleider,
51%
leeren
51%
Ohr
51%
privaten
51%
Rotwein
51%
schrei,
51%
Störenfried
51%
Tabletten,
51%
Vogelscheuche
51%
geschehen
49%
Gewohnheit,
49%
Guck
49%
Körper
49%
Platz
49%
Sachen
49%
ziert,
49%
Diademe,
47%
Kaution
44%
müde,
44%
wirst
44%
bezahlen
42%
hey,
42%
hey!
42%
Verzeih,
42%
Beicht-Pastorin
40%
Blümle,
40%
Spiel
40%
bewaffnet
38%
ja
38%
bösem
36%
Lied
36%
Schönes
31%
Freudentage
11%
Keine übereinstimmenden Quizze gefunden
Verteilung der Resultate
Anzahl Personen mit jedem Resultat
Perzentil nach korrekt beantworteten Fragen
Ihre Resultats-Entwicklung
Sie haben dieses Quiz noch nicht gespielt